La población de América Latina: desde los tiempos precolombinos al año 2000
Salvato in:
| Autore principale: | |
|---|---|
| Natura: | Libro |
| Lingua: | spagnolo |
| Pubblicazione: |
Madrid
Alianza
1977
|
| Serie: | Alianza Universal, 53
|
| Soggetti: | |
| Tags: |
Aggiungi Tag
Nessun Tag, puoi essere il primo ad aggiungerne!!
|
MARC
| LEADER | 00000nam a2200000 a 4500 | ||
|---|---|---|---|
| 001 | UCY3119 | ||
| 003 | CL-VaPUC | ||
| 008 | 941213e19770000SP |||||||||||||||||spa|d | ||
| 082 | 0 | 4 | |a 304.609 |b SAN |2 21 |
| 100 | 0 | |a Sánchez-Albornoz, Nicolás |e author |9 331329 | |
| 245 | 1 | 3 | |a La población de América Latina: desde los tiempos precolombinos al año 2000 |
| 300 | |a 321 p | ||
| 942 | |c BK | ||
| 945 | |d 19941213 00:00:00 |a mfernand | ||
| 260 | |a Madrid |b Alianza |c 1977 | ||
| 650 | 0 | |a Población |9 257577 | |
| 651 | 0 | |a América Latina |9 255027 | |
| 583 | |a last modification |c 19941213 00:00:00 |k Rodrigo Vera | ||
| 490 | 0 | |a Alianza Universal, 53 | |
| 999 | |c 231348 |d 231346 | ||
| 952 | |0 0 |1 0 |4 0 |6 304_609000000000000_SAN_1977 |7 0 |8 DER_HDC |9 234521 |a BIBDER |b BIBDER |d 2019-11-15 |i 3042898 |o 304.609 SAN 1977 |p 3042898 |r 2023-01-25 |w 2019-11-15 |x Ubicación 4to Piso |y BK |z Estos recursos deben solicitarse con anticipación |k DER | ||